01457nam a22002891a 450000100060000000300080000600500170001400800410003103500190007204000440009104100080013508200230014310000260016624500650019226000400025730000460029750000600034350001450040350401150054865100320066371000660069571000770076194200120083899900170085095201480086795201520101536115BD-RjUL20211209052433.0140616s1946 sz b b i000 0 eng d a(BD-RjUL)36212 aDLCcOAUdOCoLCdNNMdDLCdBD-RjULbeng aeng00a304.6094bKIE 19461 aKirk, Dudley.910991710aEurope's population in the interwar years /cby Dudley Kirk. aGeneva :bLeague of Nations,c1946. axii, 303 p. :bmaps (some col.) ;c28 cm. aAt head of title: Economic, Financial and Transit Dept. a"Last in the series of four studies undertaken for the League of Nations by the Office of Population Research, Princeton University"--P. ix. a"Selected bibliography of official census and vital statistics for Europe in the interwar period": p. 296-302. 0aEuropexPopulation.91007452 aPrinceton University.bOffice of Population Research.91099192 aLeague of Nations.bEconomic, Financial, and Transit Department.9108499 2ddccBK c36115d36115 00102ddc40708NFICaRUCLbRUCLcStackd1962-03-11eSweet + Zeitlingerg24.00l0o304.6094 KIE 1946r2014-06-16 00:00:00tC-2w2021-12-09yBK 00102ddc40708NFICaRUCLbRUCLcStackd1957-08-08ePublishers United Ltd.g24.60l0o304.6094 KIE 1946r2014-06-21 00:00:00tC-3w2021-12-09yBK